[Event "2nd Hersonissos Open 2018"]
[Site "Hersonissos"]
[Date "2018.06.20"]
[Round "5"]
[White "Iminov, Bachtiar"]
[Black "Dagkonaki, Aspasia"]
[Result "1-0"]
[WhiteElo "1842"]
[BlackElo "1538"]
[Annotator "NA"]
[PlyCount "91"]
[EventDate "2018.06.16"]
[EventType "swiss"]
[EventCountry "GRE"]
[SourceTitle "playchess.com"]
[Source "ChessBase"]
[SourceQuality "1"]
[TimeControl "5400+30"]

1. Nf3 {[%emt 0:00:29]} d5 {[%emt 0:00:12]} 2. c4 {[%emt 0:00:04]} e6 {[%emt 0:00:31]} 3. b3 {[%emt 0:00:25]} Nf6 {[%emt 0:00:16]} 4. g3 {[%emt 0:00:32]} Be7 {[%emt 0:02:13]} 5. Bg2 {[%emt 0:00:50]} O-O {[%emt 0:00:34]} 6. Bb2 {[%emt 0:00:14]} c5 {[%emt 0:01:01]} 7. O-O {[%emt 0:00:15]} Nc6 {[%emt 0:01:30]} 8. e3 {[%emt 0:00:20]} Qc7 {[%emt 0:01:24]} 9. Qe2 {[%emt 0:01:05]} b6 {[%emt 0:00:57]} 10. Rd1 {[%emt 0:00:58]} Bb7 {[%emt 0:00:36]} 11. Nc3 {[%emt 0:01:19]} Rfd8 {[%emt 0:01:02]} 12. Rac1 {[%emt 0:00:55]} Rac8 {[%emt 0:02:42]} 13. d4 dxc4 {[%emt 0:06:21]} 14. bxc4 {[%emt 0:03:17]} cxd4 {[%emt 0:01:45]} 15. exd4 {[%emt 0:00:39]} Na5 {[%emt 0:11:55]} 16. Nb5 {[%emt 0:05:29]} Qb8 {[%emt 0:06:20]} 17. d5 {[%emt 0:01:44]} Kf8 {[%emt 0:02:05]} 18. Be5 {[%emt 0:00:51]} Qa8 {[%emt 0:04:37]} 19. Nc7 {[%emt 0:00:15]} Rxc7 {[%emt 0:00:05]} 20. Bxc7 {[%emt 0:00:06]} Rc8 {[%emt 0:00:05]} 21. d6 {[%emt 0:06:54]} Bd8 {[%emt 0:01:36]} 22. Bxd8 {[%emt 0:00:19]} Rxd8 {[%emt 0:00:06]} 23. Ne1 {[%emt 0:00:46]} Bxg2 {[%emt 0:00:34]} 24. Nxg2 {[%emt 0:00:02]} Qc6 {[%emt 0:02:20]} 25. Ne3 {[%emt 0:03:34]} Rxd6 {[%emt 0:01:12]} 26. Rxd6 {[%emt 0:00:10]} Qxd6 {[%emt 0:00:05]} 27. Rd1 {[%emt 0:00:20]} Qc7 {[%emt 0:00:53]} 28. Qd3 {[%emt 0:02:06]} Nc6 {[%emt 0:01:01]} 29. Qd6+ {[%emt 0:01:33]} Qxd6 {[%emt 0:00:27]} 30. Rxd6 {[%emt 0:00:02]} Nb4 {[%emt 0:00:09]} 31. a3 {[%emt 0:00:15]} Na6 {[%emt 0:00:21]} 32. Rd8+ {[%emt 0:00:13]} Ke7 {[%emt 0:00:02]} 33. Ra8 {[%emt 0:00:11]} Nc5 {[%emt 0:00:08]} 34. Rxa7+ {[%emt 0:00:05]} Ke8 {[%emt 0:00:09]} 35. a4 {[%emt 0:00:26]} h6 {[%emt 0:00:58]} 36. a5 {[%emt 0:00:06]} bxa5 {[%emt 0:00:05]} 37. Rxa5 {[%emt 0:00:03]} Nd3 {[%emt 0:00:33]} 38. Ra8+ {[%emt 0:00:29]} Ke7 {[%emt 0:00:21]} 39. Ra7+ {[%emt 0:00:45]} Ke8 {[%emt 0:00:10]} 40. Kf1 {[%emt 0:00:00]} Ne4 {[%emt 0:00:00]} 41. f3 {[%emt 0:00:00]} Nec5 {[%emt 0:00:00]} 42. Ke2 {[%emt 0:00:00]} Ne5 {[%emt 0:00:00]} 43. f4 {[%emt 0:00:00]} Ned7 {[%emt 0:00:00]} 44. f5 {[%emt 0:00:00]} exf5 {[%emt 0:00:00]} 45. Nxf5 {[%emt 0:00:00]} Kf8 {[%emt 0:00:00]} 46. Ra8+ {[%emt 0:00:00]} 1-0

[Event "2nd Hersonissos Open 2018"]
[Site "Hersonissos"]
[Date "2018.06.20"]
[Round "5"]
[White "Fragiadakis, Emanouel"]
[Black "Saklampanakis, Dimitrios"]
[Result "1-0"]
[WhiteElo "1813"]
[BlackElo "1319"]
[Annotator "NA"]
[PlyCount "66"]
[EventDate "2018.06.16"]
[EventType "swiss"]
[EventCountry "GRE"]
[SourceTitle "playchess.com"]
[Source "ChessBase"]
[SourceQuality "1"]
[TimeControl "5400+30"]

1. d4 {[%emt 0:00:00]} d5 {[%emt 0:00:06]} 2. c4 {[%emt 0:00:00]} e6 {[%emt 0:00:06]} 3. Nf3 {[%emt 0:00:05]} Nf6 {[%emt 0:00:58]} 4. g3 {[%emt 0:00:03]} Be7 {[%emt 0:00:24]} 5. Bg2 {[%emt 0:00:05]} Nbd7 {[%emt 0:00:13]} 6. O-O {[%emt 0:00:07]} O-O {[%emt 0:00:19]} 7. Qc2 {[%emt 0:00:06]} b6 {[%emt 0:00:29]} 8. Rd1 {[%emt 0:00:08]} Bb7 {[%emt 0:00:54]} 9. b3 {[%emt 0:00:11]} Rc8 {[%emt 0:05:28]} 10. Nc3 {[%emt 0:00:44]} c5 {[%emt 0:01:57]} 11. Ne5 {[%emt 0:11:15]} Qc7 {[%emt 0:07:21]} 12. Nb5 {[%emt 0:04:07]} Qb8 {[%emt 0:02:51]} 13. Bf4 {[%emt 0:00:23]} Nxe5 {[%emt 0:16:31]} 14. Bxe5 {[%emt 0:00:08]} Qa8 {[%emt 0:01:20]} 15. Nc7 {[%emt 0:00:13]} Rxc7 {[%emt 0:03:29]} 16. Bxc7 {[%emt 0:00:05]} dxc4 {[%emt 0:03:55]} 17. Bxb7 {[%emt 0:04:17]} Qxb7 {[%emt 0:00:14]} 18. Bf4 {[%emt 0:00:33]} cxd4 {[%emt 0:11:02]} 19. Qxc4 {[%emt 0:02:06]} Bc5 {[%emt 0:03:55]} 20. b4 {[%emt 0:01:14]} Be7 {[%emt 0:02:54]} 21. Qxd4 {[%emt 0:11:30]} Nd5 {[%emt 0:04:29]} 22. e4 {[%emt 0:00:04]} Nxb4 {[%emt 0:04:54]} 23. Qd7 {[%emt 0:00:11]} Qxd7 {[%emt 0:02:56]} 24. Rxd7 {[%emt 0:00:38]} Bc5 {[%emt 0:01:02]} 25. Bd6 {[%emt 0:15:03]} Rc8 {[%emt 0:02:01]} 26. Bxc5 {[%emt 0:01:31]} bxc5 {[%emt 0:00:11]} 27. a3 {[%emt 0:04:34]} Nc2 {[%emt 0:01:51]} 28. Rc1 {[%emt 0:00:17]} Nd4 {[%emt 0:00:14]} 29. Rxd4 {[%emt 0:00:19]} e5 {[%emt 0:03:02]} 30. Rxc5 {[%emt 0:00:07]} Re8 {[%emt 0:03:03]} 31. Rdd5 {[%emt 0:02:03]} f6 {[%emt 0:00:54]} 32. Rc7 {[%emt 0:02:25]} Ra8 {[%emt 0:08:45]} 33. Rdd7 {[%emt 0:03:50]} g5 {[%emt 0:02:17]} 1-0

[Event "2nd Hersonissos Open 2018"]
[Site "Hersonissos"]
[Date "2018.06.20"]
[Round "5"]
[White "Kouvidis, Ioannis"]
[Black "Stefanov, Evtim"]
[Result "1-0"]
[WhiteElo "1730"]
[BlackElo "1959"]
[Annotator "NA"]
[PlyCount "61"]
[EventDate "2018.06.16"]
[EventType "swiss"]
[EventCountry "GRE"]
[SourceTitle "playchess.com"]
[Source "ChessBase"]
[SourceQuality "1"]
[TimeControl "5400+30"]

1. e4 {[%emt 0:00:00]} e5 {[%emt 0:10:03]} 2. Nf3 {[%emt 0:00:00]} d6 {[%emt 0:00:26]} 3. d4 {[%emt 0:00:00]} exd4 {[%emt 0:00:34]} 4. Qxd4 {[%emt 0:00:04]} Nf6 {[%emt 0:02:20]} 5. Nc3 {[%emt 0:01:36]} Be7 {[%emt 0:03:32]} 6. Bg5 {[%emt 0:04:05]} h6 {[%emt 0:01:40]} 7. Bh4 {[%emt 0:03:33]} O-O {[%emt 0:00:17]} 8. h3 {[%emt 0:00:59]} Nc6 {[%emt 0:01:19]} 9. Qe3 {[%emt 0:01:12]} Be6 {[%emt 0:11:55]} 10. O-O-O {[%emt 0:03:06]} Nd7 {[%emt 0:05:27]} 11. Bxe7 {[%emt 0:04:49]} Qxe7 {[%emt 0:00:12]} 12. g4 {[%emt 0:02:02]} a6 {[%emt 0:02:06]} 13. g5 {[%emt 0:04:55]} h5 {[%emt 0:00:54]} 14. Nh4 {[%emt 0:00:33]} g6 {[%emt 0:02:12]} 15. f4 {[%emt 0:07:03]} b5 {[%emt 0:10:20]} 16. Qd2 {[%emt 0:16:36]} b4 {[%emt 0:09:34]} 17. Nd5 {[%emt 0:00:44]} Qd8 {[%emt 0:01:39]} 18. f5 {[%emt 0:16:25]} Bxd5 {[%emt 0:02:01]} 19. exd5 {[%emt 0:02:17]} Nce5 {[%emt 0:01:21]} 20. Rg1 {[%emt 0:00:49]} a5 {[%emt 0:03:59]} 21. Be2 {[%emt 0:01:57]} Nc5 {[%emt 0:06:03]} 22. Bxh5 gxh5 {[%emt 0:01:43]} 23. Qe2 {[%emt 0:05:20]} Ng4 {[%emt 0:09:57]} 24. hxg4 {[%emt 0:07:54]} Qxg5+ {[%emt 0:05:58]} 25. Kb1 {[%emt 0:00:34]} Qxh4 {[%emt 0:00:24]} 26. Rh1 {[%emt 0:00:24]} Qf6 {[%emt 0:02:17]} 27. g5 {[%emt 0:00:29]} Qh8 {[%emt 0:03:57]} 28. Rxh5 {[%emt 0:03:03]} Qe5 {[%emt 0:00:20]} 29. Qxe5 {[%emt 0:00:23]} dxe5 {[%emt 0:00:12]} 30. Rdh1 {[%emt 0:00:04]} f6 {[%emt 0:00:25]} 31. g6 {[%emt 0:00:04]} 1-0

[Event "2nd Hersonissos Open 2018"]
[Site "Hersonissos"]
[Date "2018.06.20"]
[Round "5"]
[White "Aggelakis, Ilias"]
[Black "Warnk, Torsten"]
[Result "1/2-1/2"]
[WhiteElo "1683"]
[BlackElo "1853"]
[Annotator "NA"]
[PlyCount "123"]
[EventDate "2018.06.16"]
[EventType "swiss"]
[EventCountry "GRE"]
[SourceTitle "playchess.com"]
[Source "ChessBase"]
[SourceQuality "1"]
[TimeControl "5400+30"]

1. c4 {[%emt 0:00:00]} Nf6 {[%emt 0:00:37]} 2. Nf3 {[%emt 0:00:00]} g6 {[%emt 0:00:20]} 3. g3 {[%emt 0:00:00]} Bg7 {[%emt 0:00:14]} 4. Bg2 {[%emt 0:00:00]} O-O {[%emt 0:00:10]} 5. O-O {[%emt 0:00:00]} c5 {[%emt 0:01:28]} 6. Nc3 {[%emt 0:07:52]} Nc6 {[%emt 0:00:16]} 7. d4 {[%emt 0:05:18]} cxd4 {[%emt 0:05:08]} 8. Nxd4 {[%emt 0:00:06]} a6 {[%emt 0:00:55]} 9. a3 {[%emt 0:11:25]} e6 {[%emt 0:05:59]} 10. Rb1 {[%emt 0:07:36]} Qc7 {[%emt 0:03:17]} 11. Nxc6 {[%emt 0:03:37]} dxc6 {[%emt 0:00:51]} 12. Qc2 {[%emt 0:03:15]} Rb8 {[%emt 0:04:17]} 13. b4 {[%emt 0:02:05]} b5 {[%emt 0:02:04]} 14. Ne4 {[%emt 0:07:32]} Nxe4 {[%emt 0:08:12]} 15. Bxe4 {[%emt 0:00:03]} Bb7 {[%emt 0:11:28]} 16. Be3 {[%emt 0:03:07]} Rfc8 {[%emt 0:06:41]} 17. Rfd1 {[%emt 0:01:15]} Rd8 {[%emt 0:06:56]} 18. c5 {[%emt 0:02:56]} Rxd1+ {[%emt 0:01:36]} 19. Rxd1 {[%emt 0:00:06]} Rd8 {[%emt 0:00:29]} 20. Rd3 {[%emt 0:00:27]} Kf8 {[%emt 0:08:34]} 21. Qd2 {[%emt 0:07:29]} Rxd3 {[%emt 0:00:19]} 22. Qxd3 {[%emt 0:00:09]} Ke8 {[%emt 0:00:16]} 23. Bd4 {[%emt 0:03:05]} e5 {[%emt 0:03:54]} 24. Bb2 {[%emt 0:00:06]} Bc8 {[%emt 0:05:13]} 25. Qf3 {[%emt 0:04:12]} Bd7 {[%emt 0:08:29]} 26. Bc2 {[%emt 0:00:30]} Be6 {[%emt 0:00:30]} 27. e4 {[%emt 0:00:30]} Qd7 {[%emt 0:00:30]} 28. Qd3 {[%emt 0:00:30]} Bc4 {[%emt 0:00:30]} 29. Qxd7+ {[%emt 0:00:30]} Kxd7 {[%emt 0:00:30]} 30. f4 {[%emt 0:00:30]} f6 {[%emt 0:00:30]} 31. fxe5 {[%emt 0:00:30]} fxe5 {[%emt 0:00:30]} 32. Bc1 {[%emt 0:00:30]} Be6 {[%emt 0:00:30]} 33. Kf2 {[%emt 0:00:30]} Bc4 {[%emt 0:00:30]} 34. Be3 {[%emt 0:00:30]} Ke6 {[%emt 0:00:30]} 35. Bd1 {[%emt 0:00:30]} Kd7 {[%emt 0:00:30]} 36. Bg4+ {[%emt 0:00:30]} Be6 {[%emt 0:00:30]} 37. Be2 {[%emt 0:00:30]} Bf6 38. Kg2 {[%emt 0:03:24]} Kc7 {[%emt 0:01:00]} 39. h3 {[%emt 0:00:29]} Kb7 {[%emt 0:00:27]} 40. Kh2 {[%emt 0:00:00]} Be7 {[%emt 0:00:00]} 41. Kg2 {[%emt 0:00:00]} Bb3 {[%emt 0:00:00]} 42. Kh2 {[%emt 0:00:00]} Bc2 {[%emt 0:00:00]} 43. Bf3 {[%emt 0:00:00]} a5 {[%emt 0:00:00]} 44. h4 {[%emt 0:00:00]} Bd3 {[%emt 0:00:00]} 45. Kg2 {[%emt 0:00:00]} Bf8 {[%emt 0:00:00]} 46. g4 {[%emt 0:00:00]} Be7 {[%emt 0:00:00]} 47. Kg3 {[%emt 0:00:00]} axb4 {[%emt 0:00:00]} 48. axb4 {[%emt 0:00:00]} Bd8 {[%emt 0:00:00]} 49. Bg2 {[%emt 0:00:00]} Be2 {[%emt 0:00:38]} 50. g5 {[%emt 0:00:00]} Bc4 {[%emt 0:01:18]} 51. Bh3 {[%emt 0:00:00]} Kc7 {[%emt 0:00:17]} 52. h5 {[%emt 0:00:00]} Bf7 {[%emt 0:04:38]} 53. h6 {[%emt 0:00:00]} Kb7 {[%emt 0:02:03]} 54. Bg4 {[%emt 0:00:00]} Bc7 {[%emt 0:00:20]} 55. Bf3 {[%emt 0:00:00]} Kc8 {[%emt 0:00:26]} 56. Bg4+ {[%emt 0:00:00]} Kd8 {[%emt 0:00:05]} 57. Bd2 {[%emt 0:00:00]} Ke7 {[%emt 0:00:25]} 58. Be3 {[%emt 0:00:00]} Be6 {[%emt 0:02:04]} 59. Bxe6 {[%emt 0:00:00]} Kxe6 {[%emt 0:00:07]} 60. Kg4 {[%emt 0:00:00]} Bd8 {[%emt 0:00:46]} 61. Bd2 {[%emt 0:00:00]} Be7 {[%emt 0:00:05]} 62. Be3 {[%emt 0:00:00]} 1/2-1/2

[Event "2nd Hersonissos Open 2018"]
[Site "Hersonissos"]
[Date "2018.06.20"]
[Round "5"]
[White "Mateev, Kaloyan Mateev"]
[Black "Storkebaum, Ulrike"]
[Result "1/2-1/2"]
[WhiteElo "1539"]
[BlackElo "1825"]
[Annotator "NA"]
[PlyCount "150"]
[EventDate "2018.06.16"]
[EventType "swiss"]
[EventCountry "GRE"]
[SourceTitle "playchess.com"]
[Source "ChessBase"]
[SourceQuality "1"]
[TimeControl "5400+30"]

1. b3 {[%emt 0:08:25]} e5 {[%emt 0:00:30]} 2. e3 {[%emt 0:00:31]} Nf6 {[%emt 0:00:47]} 3. Bb2 {[%emt 0:00:25]} Nc6 {[%emt 0:00:53]} 4. Bb5 {[%emt 0:00:36]} d6 {[%emt 0:01:13]} 5. d4 {[%emt 0:00:27]} exd4 {[%emt 0:01:36]} 6. exd4 {[%emt 0:01:16]} Bd7 {[%emt 0:01:32]} 7. Nf3 {[%emt 0:01:20]} Qe7+ {[%emt 0:01:00]} 8. Be2 {[%emt 0:03:43]} d5 {[%emt 0:01:12]} 9. O-O {[%emt 0:01:11]} Ne4 {[%emt 0:04:03]} 10. c4 {[%emt 0:03:25]} Be6 {[%emt 0:04:48]} 11. Nbd2 {[%emt 0:02:28]} Nxd2 {[%emt 0:06:47]} 12. Qxd2 {[%emt 0:00:45]} Qd7 {[%emt 0:05:03]} 13. Rfe1 {[%emt 0:06:45]} Bb4 {[%emt 0:03:14]} 14. Bc3 {[%emt 0:01:33]} Bxc3 {[%emt 0:00:41]} 15. Qxc3 {[%emt 0:00:06]} O-O {[%emt 0:01:31]} 16. Rad1 {[%emt 0:09:06]} h6 {[%emt 0:01:22]} 17. Ne5 {[%emt 0:02:18]} Nxe5 {[%emt 0:07:45]} 18. dxe5 {[%emt 0:01:20]} c6 {[%emt 0:02:48]} 19. Bf3 {[%emt 0:01:32]} Rfd8 {[%emt 0:01:33]} 20. cxd5 {[%emt 0:03:29]} cxd5 {[%emt 0:09:45]} 21. Qd4 {[%emt 0:00:45]} a5 {[%emt 0:04:05]} 22. Rd2 {[%emt 0:01:45]} a4 {[%emt 0:00:26]} 23. b4 {[%emt 0:01:00]} Qb5 {[%emt 0:06:31]} 24. Red1 {[%emt 0:01:13]} Rac8 {[%emt 0:00:24]} 25. Be2 {[%emt 0:04:23]} Qc6 {[%emt 0:04:33]} 26. b5 {[%emt 0:02:25]} Qc3 {[%emt 0:00:15]} 27. f4 {[%emt 0:08:57]} Qxd4+ {[%emt 0:07:08]} 28. Rxd4 {[%emt 0:00:07]} Rc2 {[%emt 0:01:18]} 29. R1d2 {[%emt 0:00:46]} Rxd2 {[%emt 0:07:14]} 30. Rxd2 {[%emt 0:00:07]} d4 {[%emt 0:01:26]} 31. Bd1 {[%emt 0:00:28]} a3 {[%emt 0:02:48]} 32. Bf3 {[%emt 0:06:08]} b6 {[%emt 0:00:55]} 33. Kf2 {[%emt 0:03:08]} Kf8 {[%emt 0:02:29]} 34. Be2 {[%emt 0:05:25]} g6 {[%emt 0:01:11]} 35. Rd3 {[%emt 0:09:34]} Ra8 {[%emt 0:03:10]} 36. Bf3 {[%emt 0:01:49]} Ra4 {[%emt 0:00:31]} 37. Bd1 {[%emt 0:03:18]} Ra5 {[%emt 0:02:14]} 38. Bb3 {[%emt 0:02:09]} Rxb5 {[%emt 0:02:21]} 39. Bxe6 {[%emt 0:00:21]} Rb2+ {[%emt 0:00:34]} 40. Kf3 {[%emt 0:00:00]} fxe6 {[%emt 0:00:00]} 41. Rxa3 {[%emt 0:00:00]} h5 {[%emt 0:00:00]} 42. h3 {[%emt 0:00:00]} Ke8 {[%emt 0:00:00]} 43. g3 {[%emt 0:00:00]} b5 {[%emt 0:00:00]} 44. Ke4 {[%emt 0:00:00]} Rd2 {[%emt 0:00:00]} 45. Rd3 {[%emt 0:00:00]} Rxa2 {[%emt 0:00:00]} 46. Kxd4 {[%emt 0:00:00]} Rb2 {[%emt 0:00:00]} 47. Ra3 {[%emt 0:00:00]} Rb1 {[%emt 0:00:00]} 48. Kc5 {[%emt 0:00:00]} b4 {[%emt 0:00:00]} 49. Ra8+ {[%emt 0:00:00]} Kd7 {[%emt 0:01:18]} 50. Ra7+ {[%emt 0:00:00]} Kc8 {[%emt 0:00:40]} 51. Rg7 {[%emt 0:03:00]} b3 {[%emt 0:00:56]} 52. Kc4 {[%emt 0:00:16]} b2 {[%emt 0:01:06]} 53. Kc3 {[%emt 0:00:27]} Rg1 {[%emt 0:00:15]} 54. Kxb2 {[%emt 0:00:08]} Rxg3 {[%emt 0:00:19]} 55. Re7 {[%emt 0:03:26]} Rxh3 {[%emt 0:00:42]} 56. Rxe6 {[%emt 0:00:09]} Rg3 {[%emt 0:00:31]} 57. Re7 {[%emt 0:01:33]} h4 {[%emt 0:00:25]} 58. Rh7 {[%emt 0:01:20]} h3 {[%emt 0:00:39]} 59. e6 {[%emt 0:00:23]} Kd8 {[%emt 0:00:27]} 60. Kc2 {[%emt 0:00:28]} Rg2+ {[%emt 0:00:51]} 61. Kd3 {[%emt 0:00:18]} h2 {[%emt 0:01:23]} 62. Ke3 {[%emt 0:00:21]} Rg1 {[%emt 0:01:44]} 63. Rxh2 {[%emt 0:00:57]} Ke7 {[%emt 0:00:24]} 64. Kf2 {[%emt 0:00:22]} Rg4 {[%emt 0:00:40]} 65. Kf3 {[%emt 0:00:01]} Rg1 {[%emt 0:00:15]} 66. Re2 {[%emt 0:00:02]} Rh1 {[%emt 0:00:19]} 67. Kg3 {[%emt 0:00:42]} Rh7 {[%emt 0:00:28]} 68. Kg4 {[%emt 0:00:13]} Rh5 {[%emt 0:00:23]} 69. Re3 {[%emt 0:01:43]} Rf5 {[%emt 0:00:32]} 70. Re1 {[%emt 0:00:50]} Rh5 {[%emt 0:00:24]} 71. Re3 {[%emt 0:00:44]} Rf5 {[%emt 0:00:25]} 72. Ra3 {[%emt 0:01:03]} Rb5 {[%emt 0:01:12]} 73. Ra6 {[%emt 0:00:07]} Rd5 {[%emt 0:00:36]} 74. Kf3 {[%emt 0:00:36]} Rb5 {[%emt 0:01:00]} 75. Kg4 {[%emt 0:01:11]} Rc5 1/2-1/2

[Event "2nd Hersonissos Open 2018"]
[Site "Hersonissos"]
[Date "2018.06.21"]
[Round "6"]
[White "Adair, James R"]
[Black "Hommeles, Theo"]
[Result "0-1"]
[WhiteElo "2485"]
[BlackElo "2361"]
[Annotator "TA"]
[PlyCount "62"]
[EventDate "2018.06.16"]
[EventType "swiss"]
[EventCountry "GRE"]
[SourceTitle "playchess.com"]
[Source "ChessBase"]
[SourceQuality "1"]

{[%evp 20,62,0,1,53,0,0,0,0,0,20,11,46,19,19,-22,-20,-23,-20,-27,-20,-38,-4,-26,-11,-21,-16,-64,-62,-79,-71,-85,-64,-45,-46,-33,-46,-252,-244,-251,-237,-234,-254,-349,-404]} 1. e4 e5 2. Nf3 Nc6 3. d4 exd4 4. Nxd4 Nf6 {[%cal Bg8f6,Bf6d5,Bd5b6][%mdl 32]} 5. Nxc6 bxc6 6. e5 Qe7 7. Qe2 Nd5 8. c4 Nb6 9. Nc3 Bb7 {C45: Schottische Partie} (9... Ba6 10. Qe4 f6 11. exf6 Qxe4+ 12. Nxe4 gxf6 13. Nxf6+ Kf7 14. Ng4 Re8+ 15. Ne3 Bxc4 16. Bxc4+ Nxc4 17. O-O {½-½ (31) Shankland,S (2668)-Swiercz,D (2654) Saint Louis 2018}) 10. Bd2 O-O-O 11. O-O-O {LiveBook: 30 Partien} d6 (11... Kb8 $11) 12. c5 $146 (12. exd6 $14 Qxe2 13. Bxe2 Bxd6 14. Ne4) ({Vorgänger:} 12. Qg4+ Kb8 13. exd6 cxd6 14. Qg3 Ka8 15. Bd3 Qc7 16. Bf4 c5 17. Rhe1 {1-0 (31) Simeone,D-Lindberg,W (1591) ICCF email 2004}) 12... dxc5 $11 13. g3 Kb8 14. Bh3 Nd5 15. f4 g6 16. Ne4 {[%mdl 1024] Weiss hat Kompensation.} f5 17. Nf2 Qe6 18. Qc4 Qc8 19. Bf1 Be7 20. Be2 Rhf8 21. Rhe1 Nb6 22. Qc2 Ba6 23. Ba5 Bxe2 24. Qxe2 Rd5 25. b3 Qe6 26. Kb1 Kb7 27. Rc1 Rfd8 28. Rc2 $2 (28. Red1 $15) 28... c4 $1 $19 {[%cal Rc4b3]} 29. b4 {[#]} Bxb4 $1 {[%mdl 512]} 30. Bxb4 {Droht stark Ld2.} Rb5 31. Rb2 {Schwarz muss nun Ka1 beachten.} Na4 {Precision: Weiß = 41%, Schwarz = 64%.} 0-1

[Event "2nd Hersonissos Open 2018"]
[Site "Hersonissos"]
[Date "2018.06.21"]
[Round "6"]
[White "Haug, Johannes"]
[Black "Delchev, Aleksander"]
[Result "1/2-1/2"]
[WhiteElo "2401"]
[BlackElo "2563"]
[Annotator "TA"]
[PlyCount "54"]
[EventDate "2018.06.16"]
[EventType "swiss"]
[EventCountry "GRE"]
[SourceTitle "playchess.com"]
[Source "ChessBase"]
[SourceQuality "1"]

{[%evp 29,54,0,0,-6,0,0,0,0,0,0,0,-20,0,-18,0,0,0,0,10,8,16,0,10,8,10,10,16]} 1. d4 Nf6 2. c4 e6 3. Nf3 d5 4. Nc3 c6 5. e3 Nbd7 6. Qc2 Bd6 7. b3 O-O 8. Be2 b6 9. O-O Bb7 10. Bb2 Qe7 11. Rad1 Rad8 12. Rfe1 Rfe8 13. Bf1 {D45: Semi-Slav: 5 e3} (13. e4 Nxe4 14. Nxe4 dxe4 15. Qxe4 Bb4 16. Rf1 Bd6 17. Rfe1 Bb4 18. Rf1 Bd6 19. Rfe1 Bb4 {½-½ (19) Radjabov,T (2748)-Carlsen,M (2843) Shamkir 2018}) 13... e5 14. dxe5 Nxe5 15. Nxe5 Bxe5 {LiveBook: 9 Games. The position is equal.} 16. h3 dxc4 17. Bxc4 {[#]} Bc7 $146 ({Predecessor:} 17... a6 18. Rxd8 Rxd8 19. Rd1 Re8 20. Be2 c5 {½-½ (41) Moroni,L (2459)-Wei,Y (2717) Baku 2016}) 18. Bf1 c5 19. Rxd8 Rxd8 20. g3 Ne4 {[#] Hoping for ...Rd2.} 21. Nxe4 Qxe4 22. Qxe4 Bxe4 23. Bc3 h5 24. Be2 g6 25. f4 Kf8 26. Kf2 Ke7 27. g4 hxg4 1/2-1/2

[Event "2nd Hersonissos Open 2018"]
[Site "Hersonissos"]
[Date "2018.06.21"]
[Round "6"]
[White "L'Ami, Alina"]
[Black "Kadianis, Georgios"]
[Result "0-1"]
[WhiteElo "2307"]
[BlackElo "1917"]
[Annotator "NA"]
[PlyCount "118"]
[EventDate "2018.06.16"]
[EventType "swiss"]
[EventCountry "GRE"]
[SourceTitle "playchess.com"]
[Source "ChessBase"]
[SourceQuality "1"]
[TimeControl "5400+30"]

1. d4 {[%emt 0:05:44]} d5 {[%emt 0:00:08]} 2. c4 {[%emt 0:00:05]} c6 {[%emt 0:00:05]} 3. Nf3 {[%emt 0:00:07]} Nf6 {[%emt 0:00:10]} 4. Nc3 {[%emt 0:00:06]} e6 {[%emt 0:00:06]} 5. Bg5 {[%emt 0:00:21]} Nbd7 {[%emt 0:00:31]} 6. e3 {[%emt 0:00:11]} Qa5 {[%emt 0:00:58]} 7. Nd2 {[%emt 0:01:07]} Bb4 {[%emt 0:00:52]} 8. Rc1 {[%emt 0:00:11]} Ne4 {[%emt 0:03:01]} 9. Ncxe4 {[%emt 0:00:42]} dxe4 {[%emt 0:00:00]} 10. Bh4 {[%emt 0:00:08]} Qxa2 {[%emt 0:08:24]} 11. Be2 {[%emt 0:00:21]} Qa5 {[%emt 0:15:39]} 12. O-O {[%emt 0:03:34]} Bxd2 {[%emt 0:06:43]} 13. Ra1 {[%emt 0:00:06]} Qc7 {[%emt 0:15:48]} 14. Qxd2 {[%emt 0:02:52]} O-O {[%emt 0:00:20]} 15. Bg3 {[%emt 0:32:07]} Qd8 {[%emt 0:05:20]} 16. Rfd1 {[%emt 0:14:11]} Nf6 {[%emt 0:01:53]} 17. Qc2 {[%emt 0:01:53]} b6 {[%emt 0:01:52]} 18. c5 {[%emt 0:00:59]} b5 {[%emt 0:05:13]} 19. Bd6 {[%emt 0:02:43]} Re8 {[%emt 0:00:10]} 20. Kh1 {[%emt 0:11:17]} a5 {[%emt 0:01:41]} 21. f3 {[%emt 0:09:55]} exf3 {[%emt 0:00:54]} 22. gxf3 {[%emt 0:02:27]} Nd5 {[%emt 0:01:43]} 23. Qd2 {[%emt 0:01:46]} b4 {[%emt 0:03:23]} 24. e4 {[%emt 0:00:17]} Ne7 {[%emt 0:00:50]} 25. Bc4 {[%emt 0:01:46]} Ba6 {[%emt 0:01:57]} 26. Ba2 {[%emt 0:00:59]} Nc8 {[%emt 0:02:53]} 27. Be5 {[%emt 0:00:58]} Ne7 {[%emt 0:01:34]} 28. Rg1 {[%emt 0:00:27]} Ng6 {[%emt 0:01:01]} 29. Bd6 {[%emt 0:00:03]} Qh4 {[%emt 0:02:51]} 30. Rg4 {[%emt 0:01:22]} Qh3 {[%emt 0:00:59]} 31. Rg3 {[%emt 0:00:17]} Qh4 {[%emt 0:00:50]} 32. Rag1 {[%emt 0:00:37]} Kh8 {[%emt 0:01:33]} 33. Rg5 {[%emt 0:02:21]} Qh6 {[%emt 0:04:47]} 34. Qf2 {[%emt 0:01:43]} f6 {[%emt 0:03:07]} 35. R5g4 {[%emt 0:00:12]} a4 {[%emt 0:01:56]} 36. Bb1 {[%emt 0:00:39]} a3 {[%emt 0:01:07]} 37. bxa3 {[%emt 0:00:11]} bxa3 {[%emt 0:00:05]} 38. Ba2 {[%emt 0:00:50]} Ra7 {[%emt 0:01:48]} 39. Rb1 {[%emt 0:00:43]} f5 {[%emt 0:04:14]} 40. Rg3 {[%emt 0:00:00]} Bd3 {[%emt 0:00:00]} 41. Rb6 {[%emt 0:00:00]} fxe4 {[%emt 0:00:00]} 42. f4 {[%emt 0:00:00]} Nh4 {[%emt 0:00:00]} 43. Rh3 {[%emt 0:00:00]} e3 {[%emt 0:00:00]} 44. Rxe3 {[%emt 0:00:00]} Bf5 {[%emt 0:00:00]} 45. h3 {[%emt 0:00:00]} Qh5 {[%emt 0:00:00]} 46. Kh2 {[%emt 0:00:00]} Ra4 {[%emt 0:01:06]} 47. Rg3 {[%emt 0:01:26]} Ng6 {[%emt 0:01:51]} 48. Qe3 {[%emt 0:02:36]} Raa8 {[%emt 0:03:12]} 49. Rxc6 {[%emt 0:01:20]} Qd1 {[%emt 0:00:34]} 50. Rb6 {[%emt 0:01:11]} Nh4 {[%emt 0:01:43]} 51. Bb3 {[%emt 0:01:29]} a2 {[%emt 0:00:36]} 52. Bxd1 {[%emt 0:00:17]} a1=Q {[%emt 0:00:05]} 53. Be5 {[%emt 0:00:26]} Ra2+ {[%emt 0:00:45]} 54. Be2 {[%emt 0:00:01]} Bg6 {[%emt 0:00:37]} 55. d5 {[%emt 0:01:33]} Qd1 {[%emt 0:00:28]} 56. Bb2 {[%emt 0:00:35]} Qxd5 {[%emt 0:00:28]} 57. Qc3 {[%emt 0:00:25]} Ra7 {[%emt 0:00:36]} 58. c6 {[%emt 0:00:29]} Rc7 {[%emt 0:00:27]} 59. Re3 {[%emt 0:00:39]} Qg2# 0-1